God is faithful : (Record no. 4474)

MARC details
000 -LEADER
fixed length control field 01098nam a2200277Ia 4500
001 - CONTROL NUMBER
control field 281206370
003 - CONTROL NUMBER IDENTIFIER
control field AUA.1
005 - DATE AND TIME OF LATEST TRANSACTION
control field 20160330194139.0
008 - FIXED-LENGTH DATA ELEMENTS--GENERAL INFORMATION
fixed length control field 081212s2006 miu 000 0 eng d
020 ## - INTERNATIONAL STANDARD BOOK NUMBER
International Standard Book Number 1890014079
020 ## - INTERNATIONAL STANDARD BOOK NUMBER
International Standard Book Number 9781890014070
035 ## - SYSTEM CONTROL NUMBER
System control number (OCoLC)281206370
040 ## - CATALOGING SOURCE
Original cataloging agency EXN
Transcribing agency EXN
049 ## - LOCAL HOLDINGS (OCLC)
Holding library EXNs
-- EXNh
099 #9 - LOCAL FREE-TEXT CALL NUMBER (OCLC)
Classification number BX
-- 6126.73
-- .K67
-- 2006
100 1# - MAIN ENTRY--PERSONAL NAME
Personal name Koranteng-Pipim, Samuel,
Dates associated with a name 1957-
9 (RLIN) 16327
245 10 - TITLE STATEMENT
Title God is faithful :
Remainder of title stewardship: a journey of faith & a test of commitment /
Statement of responsibility, etc by Samuel Koranteng-Pipim & Steven Kasperbauer.
260 ## - PUBLICATION, DISTRIBUTION, ETC. (IMPRINT)
Place of publication, distribution, etc Ann Arbor, Mich. :
Name of publisher, distributor, etc Berean Books,
Date of publication, distribution, etc c2006.
300 ## - PHYSICAL DESCRIPTION
Extent 47 p. ;
Dimensions 22 cm.
504 ## - BIBLIOGRAPHY, ETC. NOTE
Bibliography, etc Includes bibliographical references.
650 #0 - SUBJECT ADDED ENTRY--TOPICAL TERM
Topical term or geographic name as entry element Christian stewardship
General subdivision Seventh-day Adventists.
9 (RLIN) 16328
650 #0 - SUBJECT ADDED ENTRY--TOPICAL TERM
Topical term or geographic name as entry element Tithes.
9 (RLIN) 16329
700 1# - ADDED ENTRY--PERSONAL NAME
Personal name Kasperbauer, Steven.
9 (RLIN) 16330
942 ## - ADDED ENTRY ELEMENTS (KOHA)
Source of classification or shelving scheme Library of Congress Classification
Koha item type Books
Classification part BX 6126.73
Item part .K67 2006
Holdings
Withdrawn status Lost status Source of classification or shelving scheme Damaged status Not for loan Collection code Home library Current library Shelving location Date acquired Source of acquisition Cost, normal purchase price Serial Enumeration / chronology Total Checkouts Full call number Barcode Date last seen Date checked out Cost, replacement price Price effective from Koha item type
    Library of Congress Classification     Books Judith Thomas Library Judith Thomas Library General Stacks 30/11/2011 Donation, Dr. Samuel Koranteng-Pipim 10.00 AUA004993 4 BX 6126.73 .K67 2006 AUA004993 25/10/2024 20/10/2024 10.00 30/11/2011 Books